Electronics Lab manual, Vol. 1 / (Record no. 13055)
[ view plain ]
| 000 -LEADER | |
|---|---|
| fixed length control field | 00384cam a2200157ua 4500 |
| 003 - CONTROL NUMBER IDENTIFIER | |
| control field | OSt |
| 008 - FIXED-LENGTH DATA ELEMENTS--GENERAL INFORMATION | |
| fixed length control field | 250104b |||||||| |||| 00| 0 eng d |
| 041 ## - LANGUAGE CODE | |
| Language code of text/sound track or separate title | eng |
| 082 ## - DEWEY DECIMAL CLASSIFICATION NUMBER | |
| Classification number | 621.381078 |
| Item number | NAV/EL |
| 100 ## - MAIN ENTRY--AUTHOR NAME | |
| Personal name | Navas, K . |
| 245 ## - TITLE STATEMENT | |
| Title | Electronics Lab manual, Vol. 1 / |
| 250 ## - EDITION STATEMENT | |
| Edition statement | 4 / |
| 260 ## - PUBLICATION, DISTRIBUTION, ETC. (IMPRINT) | |
| Place of publication | Kochi : |
| Name of publisher | Rajath publication , |
| Year of publication | 2008. |
| 300 ## - PHYSICAL DESCRIPTION | |
| Number of Pages | 415 ; |
| Accompanying material | `. |
| 942 ## - ADDED ENTRY ELEMENTS (KOHA) | |
| Koha item type | Books |
| Withdrawn status | Lost status | Damaged status | Home library | Current library | Date acquired | Full call number | Accession Number | Koha item type |
|---|---|---|---|---|---|---|---|---|
| KAUAET | KAUAET | 07/04/2012 | 621.381078 NAV/EL | 21689 | Books | |||
| KAUAET | KAUAET | 07/04/2012 | 621.381078 NAV/EL | 21688 | Books |
